00000000nam##2200000za#4500
0019.647351
003CaOODSP
00520210615112622
007ta
008150407|1998||||xxc|||||     f|0| 0 eng|d
020 |a0-662-27886-0
040 |aCaOODSP|beng
043 |an-cn---
0861 |aD82-46/1999E
1101 |aCanada.|bEmergency Preparedness Canada.
24510|aAlternatives to sandbags for temporary flood protection / |cby Kevin Biggar and Srboljub Masala.
260 |aOttawa - Ontario : |bEmergency Preparedness Canada |c1998.
300 |aiv, 71p. : |bfigs., illus., references, tables ; |c28 cm.
500 |a"This study deals with new, innovative methods that can replace sandbags as temporary flood protection measures. It is essentially a review of available published literature and commercial brochures. Proposed new techniques and methods were critically evaluated based on common professional practice and gathered experiences in flood fighting."--Summary.
5203 |aThis study deals with new, innovative methods that can replace sandbags as temporary flood protection measures. It is essentially a review of available published literature and commercial brochures. Proposed new techniques and methods were critically evaluated based on common professional practice and gathered experiences in flood fighting.--Summary
563 |aSoftcover
590 |a00-45|b2000-11-10
69007|aSafety equipment|2gcpds
69007|aFloods|2gcpds
77508|tSolutions de rechange aux sacs de sable pour une protection temporaire contre les inondations / |w(CaOODSP)9.680773
7760#|tAlternatives to sandbags for temporary flood protection / |w(CaOODSP)9.696310